| 000 | 03298nam a22004337a 4500 | ||
|---|---|---|---|
| 005 | 20110420112815.0 | ||
| 008 | 110420t xxu||||| |||| 00| 0 eng d | ||
| 010 | _aENG-102248 B-454410-422 | ||
| 020 |
_a97890071074780 _c450.00 |
||
| 020 |
_a0071074783 _c450.00 |
||
| 035 | _aEN-85781 | ||
| 035 | _aB-454410-422 | ||
| 037 | _bDBAD/PUB | ||
| 040 |
_adpl _bEnglish |
||
| 082 | _a320 | ||
| 100 |
_aArora, N. D. _927344 |
||
| 245 |
_aPolitical science for State Civil Services and other competitive examinations / _cby N. D. Arora |
||
| 260 |
_aNew Delhi _bTata McGraw-Hill _c2011 |
||
| 270 |
_a7 West Patel Nagar, _bNew Delhi _e110008 |
||
| 300 |
_aVarious pagings _c24cm (pbk) |
||
| 490 |
_aTata McGraw-Hill's winning edge series _91235 |
||
| 650 | _927345 | ||
| 942 |
_2ddc _cEN _h320 _mARO |
||
| 999 |
_c51701 _d51701 |
||